000 00501nam a22002177a 4500
003 UA-OsUOA
001 37020
007 ta
008 20060222b un ||||| |||| 00| 0 ukr d
100 _aТуровська Л.
090 _a330
_bТ11
942 _cSA
040 _aUA-OsUOA
_bukr
_cUA-OsUOA
_dUA-OsUOA
245 _a"Нерухомі " ціни
300 _aС.25
955 _a0
041 _aukr
080 _a330
773 0 _w37018
650 7 _a330 Економіка взагалі
_2UDC
999 _c323246
_d323246